| 000 | 00426nam a2200145 i 4500 | ||
|---|---|---|---|
| 001 | 61120 | ||
| 003 | ES-MaACL | ||
| 007 | t| | ||
| 008 | 031110s1972 sp ||||1| baq d | ||
| 100 | 1 |
_aEtchamendy, Mañex. _948268 |
|
| 245 | 1 | 0 |
_aPiarres Lafitte _b: bertsularia (1873-1960) / _cMañex Etchamendy. |
| 260 |
_a[San Sebastián : _bs.n.], _c1972 ( _fIzarra) |
||
| 300 |
_a247 p. ; _c18 cm. |
||
| 852 |
_aES-MaACL _jE-5031 _bR.81921 |
||
| 999 |
_c61120 _d61120 |
||